[Event "FRA-ch U16 Girls"]
[Site "Aix les Bains"]
[Date "2009.04.19"]
[Round "1"]
[White "Vedrenne, Louise"]
[Black "Llacer, Cassandra"]
[Result "0-1"]
[WhiteElo "1530"]
[BlackElo "1910"]
[PlyCount "68"]
[EventDate "2009.04.19"]
[EventType "swiss"]
[EventRounds "9"]
[EventCountry "FRA"]
[SourceTitle "CBM 130 Extra"]
[Source "ChessBase"]
[SourceDate "2009.07.02"]
[SourceVersion "2"]
[SourceVersionDate "2009.07.15"]
[SourceQuality "1"]

1. d4 d5 2. Nf3 Bf5 3. Nc3 e6 4. a3 Nf6 5. Bg5 Be7 6. e3 Nbd7 7. Bd3 Bg6 8. 0-0 0-0 9. Re1 c5 10. dxc5 Nxc5 11. Ne5 Ncd7 12. Nxg6 hxg6 13. f4 Nc5 14. e4 Qb6 15. Kh1 d4 16. e5 dxc3 17. exf6 Nxd3 18. Qxd3 gxf6 19. Qd7 fxg5 20. Qxe7 cxb2 21. Rab1 gxf4 22. Qf6 Qd6 23. Qxb2 b6 24. Qb4 Qxb4 25. Rxb4 Rac8 26. Re2 Rc3 27. Ra4 Rfc8 28. Rxa7 Rxc2 29. Rxc2 Rxc2 30. Kg1 Ra2 31. Ra6 b5 32. Rb6 Rxa3 33. Rxb5 f3 34. gxf3 Rxf3 0-1